00699nam a2200193 a 4500001000200000003000400002005001700006007000300023008004000026040002300066082002600089111008500115245009700200246004300297260005400340300002700394610004700421700003700468 OSt20240307072857.0ta100322s2004 ve a 000 0 spa d aBPMSUbspacBPMSU  a027.4bT787a 20042222 aJornada del Conocimiento Bilbioteca Juan Boschn(1 : d2014 :cSanto Domingo)g 00a30 años de Biblioteca Ayacucho :b1974-2004 /cdirector editorial Oscar Rodríguez Ortiz 13aTreinta años de Biblioteca Ayacucho  aCaracas, Venezuela : bEditorial Arte, c2004b  a93 p. :bil. ;c24 cm.14aBiblioteca AyacuchozVenezuela xHistoria 1 aRodríguez Ortiz, Oscar eed.